Loading...

Yudhavum samadhanavum vol.1/

Bibliographic Details
Main Author: Leo Tolstoy
Other Authors: Karunakara Menon Edapally (tr.)
Format: Printed Book
Published: Thiruvananthapuram: National Book Stall, 2014.
Edition:2nd.
Subjects:
LEADER 00944nam a22002177a 4500
020 |a 9789384075460 
082 |a R M3 (FTr.)  |b LEO/Y.1 
100 |a  Leo Tolstoy  |9 35410 
245 |a Yudhavum samadhanavum vol.1/  |c by Leo Tolstoy and translated by Edapally Karunakara Menon. 
250 |a 2nd. 
260 |a Thiruvananthapuram:  |b National Book Stall,  |c 2014. 
300 |a 774p. 
650 |a Translation Russian Novel  |9 35411 
650 |a Novel Malayalam  |9 35412 
650 |a Literature Malayalam  |9 35413 
650 |a Literature  |9 35414 
700 |a Karunakara Menon Edapally (tr.)  |9 35415 
942 |c REF 
999 |c 63888  |d 63888 
952 |0 0  |1 0  |4 0  |6 M_3_000000000000000_FTR__LEO_Y_1  |7 0  |9 85350  |a SSUS  |b SSUS  |c REF  |d 2017-01-06  |g 630.00  |l 1  |o M3 (Ftr.) LEO/Y.1  |p 083022  |r 2017-07-27  |s 2017-07-27  |w 2017-01-06  |y REF 
952 |0 0  |1 0  |4 0  |6 M_3_000000000000000_FTR__LEO_Y_1  |7 0  |9 85351  |a SSUS  |b SSUS  |c STACKS  |d 2018-02-23  |o M3 (Ftr.) LEO/Y.1  |p 087866  |r 2018-02-23  |w 2018-02-23  |y BK